00592nam a2200181 a 450000100060000000300080000600500170001400800410003103500200007204000500009204100080014208200220015024501530017226000400032530000210036565000110038665000130039756857BD-RjUL20211209080437.0161204s1946 enk 000 0 eng c a(BD-RjUL) 56981 aUniv. of VirginiacNhDdNhDdMHdBD-RjULbeng aeng 223a160bLOG 194900aLogic and reality :bthe symposia read at the joint session of the Aristotelian Society and the Mind Association at Manchester, July 5th-7th, 1946./ aLondon :bHarrison and Sons,c1946. a232 p. ;c22 cm. 0aLogic. 0aReality.